Normal view
MARC view
Entry Personal Name
001 - CONTROL NUMBER
- control field: 7609
003 - CONTROL NUMBER IDENTIFIER
- control field: ARRUPE
005 - DATE AND TIME OF LATEST TRANSACTION
- control field: 20140131181512.0
008 - FIXED-LENGTH DATA ELEMENTS
- fixed length control field: 140131|| aca||aabn | a|a d
040 ## - CATALOGING SOURCE
- Original cataloging agency: ARRUPE
- Transcribing agency: ARRUPE
100 ## - HEADING--PERSONAL NAME
- Personal name: Little, Alistair
670 ## - SOURCE DATA FOUND
- Source citation: Work cat.: (ARRUPE): Little, Alistair 7608, Give a boy a gym, 2009